000 01377nam0a22002651 4500
001 rc\1086023
005 20041126173731.3
035 _a(NLR Aleph) 006333499
090 _a7569845
_c7569845
100 _a20041126d1984 u |0rusy50 ca
101 0 _arus
102 _aRU
105 _aa |||||||||
200 1 _aКомплексное использование сырья и малоотходная технология разработки и эксплуатации месторождений нерудных и неметаллорудных материалов
_e[Сб. ст.]
_fВНИИ неруд. строит. материалов и гидромеханизации
_g[Редкол.: Семенов В.С. (гл. ред.) и др.]
210 _aТольятти
_cВНИИнеруд
_d1984
215 _a109 с., 1 л. схем.
_cил.
_d20
320 _aБиблиогр. перечень работ, опубл. сотр. ВНИИнеруда, 1982 г.: с. 95-108 (88 назв.)
320 _aБиблиогр. в конце ст.
702 1 _aСеменов
_bВ. С.
_gВладимир Семенович
_4340
712 0 2 _aВНИИ нерудных строит. материалов и гидромеханизации
_cТольятти
801 0 _aRU
_bNLR
_gpsbo
801 1 _aRU
_bELAR
_2rusmarc
852 _aNLR
_j85-3/4184
942 _cBOOK
980 _aNB